कृषी-अवजारे,यंत्रे व आधुनिक सिंचन पद्धती / (Record no. 46555)
[ view plain ]
| 000 -LEADER | |
|---|---|
| fixed length control field | 01180nam a22002297a 4500 |
| 005 - DATE AND TIME OF LATEST TRANSACTION | |
| control field | 20100910161617.0 |
| 010 ## - LCCN (DPL NO) | |
| LC control number | MAR-20266 |
| 020 ## - INTERNATIONAL STANDARD BOOK NUMBER | |
| Terms of availability | 110.00 |
| International Standard Book Number | 8189649183 |
| 035 ## - SYSTEM CONTROL NUMBER | |
| System control number | MR-12924 |
| 037 ## - SOURCE OF ACQUISITION | |
| Source of stock number/acquisition | DBAD / PUB |
| 082 ## - DEWEY DECIMAL CLASSIFICATION NUMBER | |
| Classification number | 631.3 |
| 100 ## - MAIN ENTRY--PERSONAL NAME | |
| Personal name | मोरे, मधुकर |
| 245 ## - TITLE STATEMENT | |
| Title | कृषी-अवजारे,यंत्रे व आधुनिक सिंचन पद्धती / |
| Statement of responsibility, etc | मधुकर मोरे तथा प्रमोद चिखलीकर |
| 246 ## - VARYING FORM OF TITLE | |
| Title proper/short title | Krishi-Avghare,Yantre Va Adunik Sinchan Padathi |
| Remainder of title | by Madhuka More and Pramod Chikhlikar |
| 260 ## - PUBLICATION, DISTRIBUTION, ETC. (IMPRINT) | |
| Place of publication, distribution, etc | पुणे |
| Name of publisher, distributor, etc | सन पब्लिकेशन्स |
| Date of publication, distribution, etc | 2009 |
| 270 ## - ADDRESS | |
| Address | 317 नारायण पेठ, दैनिक प्रभात समोर |
| City | पुणे |
| 300 ## - PHYSICAL DESCRIPTION | |
| Extent | 104पृ |
| Dimensions | 21सेमी (अजिल्द) |
| Other physical details | सचित्र |
| 700 ## - ADDED ENTRY--PERSONAL NAME | |
| 9 (RLIN) | 17934 |
| Personal name | चिखलीकर,प्रमोद |
| 700 ## - ADDED ENTRY--PERSONAL NAME | |
| 9 (RLIN) | 19411 |
| 942 ## - ADDED ENTRY ELEMENTS (KOHA) | |
| Source of classification or shelving scheme | Dewey Decimal Classification |
| Item type | Marathi Books |
| Call number suffix | मोरेम |
| Classification part | 631.3 |
| Withdrawn status | Lost status | Not for loan | Collection code | Home library | Current library | Date acquired | Source of acquisition | Cost, normal purchase price | Full call number | Barcode | Copy number | Cost, replacement price | Koha item type |
|---|---|---|---|---|---|---|---|---|---|---|---|---|---|
| Not For Loan | Non-fiction | D.B.Act.Division | D.B.Act.Division | 17/09/2010 | DBAD / PUB | 110.00 | 631.3 मोरेम | MR-12924 | 1 | 110.00 | Marathi Books |
